• 首页
  • 本馆介绍
  • 公告通知
  • 最新文献
  • 馆藏检索
  • 电子资源
  • 读者导购
  • 参考咨询
  • 我的图书馆
  • 登录
  • 详细信息显示
  • 放入我的书架
  • 预约/预借图书
  • 作者相关作品
  • 分类相关作品
  • 丛书相关作品
  • 出版社相关作品

书目信息

  • 表格格式
  • 工作单格式
  • 卡片格式
题名:
明史通俗演义
    
 
作者: 蔡东藩 著
分册: 下  
出版信息: 杭州   浙江人民出版社  1980
页数: 421页
开本: 19cm
丛书名:
单 册:
中图分类: I246.43 , I242.4
科图分类:
主题词: 讲史小说--中国--现代 , 章回小说--中国--现代 , 长篇小说--中国--现代
电子资源:
ISBN:
000 00696nam0 2200253 450
001 1557359115
005 20150125155620.70
010    @dCNY2.14
091    @a10103.160
100    @a19980608d1980 em y0chiy0110 ea
101 0  @achi
102    @aCN@b330000
105    @ay z 000ay
200 1  @a明史通俗演义@9ming shi tong su yan yi@e一百回@h下@f蔡东藩著
210    @a杭州@c浙江人民出版社@d1980
215    @a421页@d19cm
606 0  @a讲史小说@y中国@z现代
606 0  @a章回小说@y中国@z现代
606 0  @a长篇小说@y中国@z现代
690    @aI246.43@v5
690    @aI242.4@v4
701  0 @a蔡东藩@9cai dong fan@f(1877~1945)@4著
801  0 @aCN@bTSSF@c20150125
905    @aZUCC@dI242.4@eJY19:2
    
    明史通俗演义:一百回.下/蔡东藩著.-杭州:浙江人民出版社,1980
    421页;19cm
    
    
    ISBN :CNY2.14
    
●
相关链接 在E读中查询图书 在五车中查询图书 在当当中查询图书 在豆瓣中查询图书


正题名:明史通俗演义     索取号:I242.4/JY19:2         预约/预借

序号 登录号 条形码 馆藏地/架位号 状态 备注
1 7855003   278550033   学院路分馆/ [索取号:I242.4/JY19:2] 在馆    
唐山师范学院图书馆 欢迎您!
大连网信软件有限公司© 版权所有